<?xml version="1.0" encoding="UTF-8"?>
<collection xmlns="http://www.loc.gov/MARC21/slim">
 <record>
  <leader>02505pamaa2200265   4500</leader>
  <controlfield tag="001">0000043283</controlfield>
  <controlfield tag="005">20121212090000.0</controlfield>
  <controlfield tag="008">080201                             eng  </controlfield>
  <datafield tag="020" ind1="0" ind2="0">
   <subfield code="a">9780470025840 (pbk.) </subfield>
  </datafield>
  <datafield tag="090" ind1="0" ind2="0">
   <subfield code="a">RT120.I5 </subfield>
   <subfield code="b">CRI 2006</subfield>
  </datafield>
  <datafield tag="245" ind1="1" ind2="0">
   <subfield code="a">Critical care outreach  </subfield>
   <subfield code="c">edited by Lee R. Cutler, Wayne P. Robson.</subfield>
  </datafield>
  <datafield tag="260" ind1="0" ind2="0">
   <subfield code="a">Chichester, England ; Hoboken, NJ: </subfield>
   <subfield code="b">Wiley, </subfield>
   <subfield code="c">2006.</subfield>
  </datafield>
  <datafield tag="300" ind1=" " ind2=" ">
   <subfield code="a">x, 285 p.: </subfield>
   <subfield code="b">ill.; </subfield>
   <subfield code="c">23 cm.</subfield>
  </datafield>
  <datafield tag="501" ind1="0" ind2="0">
   <subfield code="a">SAH</subfield>
  </datafield>
  <datafield tag="504" ind1="0" ind2="0">
   <subfield code="a">Includes bibliographical references and index</subfield>
  </datafield>
  <datafield tag="505" ind1="0" ind2="0">
   <subfield code="a">The origins of critical care outreach / Derek Bainbridge -- Designing an outreach service / David Wood -- Audit case study : scoring all observations compared with scoring on concern / David Wood -- The initial assessment and care of the 'at risk patient' / Jeremy Groves, Jayne Tague and Lee Cutler -- Specific clinical problems / Lee Cutler, Elaine Shaw and David Wood -- Sharing critical care skills / Lee Cutler, Kathryn Warren and Rinky Ingles -- Case study : the use of high level clinical simulation in critical care  nurse education / Lee Cutler and Judith Cutler -- Role expansion and the critical care outreach nurse / Lee Cutler and Denise Honnor -- Case study : expanding the role of the nurse in critical care outreach / Elaine Shaw -- Transfering patients from critical care to the ward / Wayne Robson -- Critical care outreach follow up / Kate Bray -- Patient diaries / Wayne Robson, Gayle Wheeldon and Denise Penney -- Establishing and managing a critical care outreach team : a practical approach / Alex Larkin -- Case study : the role of the physiotherapist in the critical care outreach  team / Alex Larkin and Sally Knightly -- The learning needs of critical care outreach practitioners / Lee Cutler - Managing change in critical care outreach : a toolkit for practice / Nicola Platts and Sue Shepherd -- Evaluation of critical care outreach : are the resources for outreach justified? / Paul Whitting and David Edbrooke</subfield>
  </datafield>
  <datafield tag="650" ind1="0" ind2="0">
   <subfield code="a">Intensive care nursing -- </subfield>
   <subfield code="z">Great Britain </subfield>
  </datafield>
  <datafield tag="650" ind1="0" ind2="0">
   <subfield code="a">Critical Care -- </subfield>
   <subfield code="x">methods -- </subfield>
   <subfield code="z">Great Britain </subfield>
  </datafield>
  <datafield tag="650" ind1="0" ind2="0">
   <subfield code="a">Critical Care -- </subfield>
   <subfield code="x">organization &amp; administration -- </subfield>
   <subfield code="z">Great Britain </subfield>
  </datafield>
  <datafield tag="650" ind1="0" ind2="0">
   <subfield code="a">Community-Institutional Relations -- </subfield>
   <subfield code="x">Great Britain </subfield>
  </datafield>
  <datafield tag="650" ind1="0" ind2="0">
   <subfield code="a">Intensive Care Units -- </subfield>
   <subfield code="x">organization &amp; administration -- </subfield>
   <subfield code="z">Great Britain </subfield>
  </datafield>
  <datafield tag="650" ind1="0" ind2="0">
   <subfield code="a">Patient Care Team -- </subfield>
   <subfield code="x">organization &amp; administration -- </subfield>
   <subfield code="z">Great Britain </subfield>
  </datafield>
  <datafield tag="700" ind1="1" ind2="1">
   <subfield code="a">Robson, </subfield>
   <subfield code="h">Wayne P. </subfield>
  </datafield>
  <datafield tag="700" ind1="1" ind2="1">
   <subfield code="a">Cutler, </subfield>
   <subfield code="h">Lee R. </subfield>
  </datafield>
  <datafield tag="901" ind1=" " ind2=" ">
   <subfield code="u">http://www.wiley.com</subfield>
  </datafield>
 </record>
</collection>
